000
00298nam a2200121Ia 4500
005
20251222141914.0
008
251222s9999||||xx |||||||||||||| ||spa||
082
_a
657.42/C21
100
_a
Calderón Moquillaza, José
245
0
_a
Contabilidad de Costos I:
264
_b
JCM EDITORES
942
_c
LIB
999
_c
8505
_d
8505